Famous Paintings I – Pre-Raphaelite - Statistics

General Stats
  • This quiz has been taken 11 times
  • The average score is 3 of 16
Answer Stats
Picture Hint Answer % Correct
Millais (1851-2) Ophelia
60%
Collier (1897) Lady Godiva
50%
Hunt (1868) Isabella and the Pot of Basil
30%
Waterhouse (1888) The Lady of Shalott
30%
Waterhouse (1903), PR Echo and Narcissus
20%
Waterhouse (1915) I Am Half-Sick of Shadows, Said the Lady of Shalott
20%
Waterhouse (1894) Ophelia
20%
Hunt (1888-1905) The Lady of Shalott
20%
Millais (1848–1849) Isabella
10%
Burne-Jones (1884) King Cophetua and the Beggar Maid
10%
Waterhouse (1893) La belle dame sans merci
10%
Dicksee (1901) La belle dame sans merci
10%
Rheam (1901) La belle dame sans merci
10%
Rosetti (1874) Prosperine
10%
Burne-Jones (1872-1877) The Beguiling of Merlin
10%
Waterhouse (1905), PR Lamia and the Soldier
0%
No matching quizzes found
Score Distribution
Percent of People with Each Score
Percentile by Number Answered
Your Score History
You have not taken this quiz